[Event "LAT-chT"]
[Site "Riga"]
[Date "2019.10.12"]
[Round "7.3"]
[White "Migunovs, Andrejs"]
[Black "Volodin, Aleksandr"]
[Result "0-1"]
[WhiteElo "1908"]
[BlackElo "2491"]
[PlyCount "94"]
[EventDate "2019.02.16"]
[EventType "team-tourn"]
[EventRounds "9"]
[EventCountry "LAT"]
[SourceTitle "EXT 2020"]
[Source "ChessBase"]
[SourceDate "2019.10.17"]
[SourceVersion "1"]
[SourceVersionDate "2019.10.17"]
[SourceQuality "1"]
[WhiteTeam "Rigas Saha School Vertikale"]
[BlackTeam "Riga Technical Univ"]
[WhiteTeamCountry "LAT"]
[BlackTeamCountry "LAT"]

1. d4 Nf6 2. Bf4 c5 3. e3 e6 4. c3 Nc6 5. Nf3 Be7 6. h3 d5 7. Nbd2 Bd6 8. Ne5 Qc7 9. Ndf3 Nd7 10. Bb5 0-0 11. Bxc6 bxc6 12. 0-0 f6 13. Nxd7 Bxd7 14. Bxd6 Qxd6 15. c4 cxd4 16. Qxd4 e5 17. Qd2 Rfd8 18. Rac1 Be8 19. cxd5 cxd5 20. Qa5 Rab8 21. Rc2 a6 22. Rfc1 Rb5 23. Qc7 Qxc7 24. Rxc7 Rxb2 25. Ra7 Rd7 26. Rxa6 Bg6 27. Rd1 Be4 28. Rd2 Rb1+ 29. Kh2 Kf7 30. a4 Ra1 31. Kg3 h5 32. a5 Ra4 33. Ne1 h4+ 34. Kh2 Ra1 35. f3 Rxe1 36. fxe4 Rxe3 37. exd5 Ra3 38. Kg1 Kg6 39. Kf2 Kf5 40. Ke2 Kf4 41. d6 e4 42. Ra8 Kg3 43. Rc8 Rxa5 44. Rc7 Rxc7 45. dxc7 Rc5 46. Rd7 g5 47. Kd1 e3 0-1

[Event "Palanga op"]
[Site "Palanga"]
[Date "2015.06.18"]
[Round "6"]
[White "Januseviciute, Donata"]
[Black "Migunovs, Andrejs"]
[Result "1/2-1/2"]
[WhiteElo "1695"]
[BlackElo "1839"]
[PlyCount "108"]
[EventDate "2015.06.15"]
[EventType "swiss"]
[EventRounds "9"]
[EventCountry "LTU"]
[SourceTitle "CBM 167 Extra"]
[Source "ChessBase"]
[SourceDate "2015.09.14"]
[SourceVersion "1"]
[SourceVersionDate "2015.09.14"]
[SourceQuality "1"]

1. d4 d5 2. c4 e6 3. Nf3 Nf6 4. g3 Be7 5. Bg2 0-0 6. Qc2 Nbd7 7. 0-0 c6 8. Rd1 Re8 9. Nbd2 Qc7 10. e4 dxe4 11. Nxe4 e5 12. dxe5 Nxe5 13. Bf4 Nxf3+ 14. Bxf3 Qa5 15. Nd6 Bxd6 16. Bxd6 Bf5 17. Qc1 Be4 18. Qf4 Bxf3 19. Qxf3 h6 20. a3 Qg5 21. Bf4 Qf5 22. Kg2 Re4 23. b3 Rae8 24. Be3 Qxf3+ 25. Kxf3 Ng4 26. Bxa7 Nxh2+ 27. Kg2 Ng4 28. Rd2 Nf6 29. Bb6 Re2 30. Rad1 Kh7 31. Kf1 Rxd2 32. Rxd2 Kg6 33. Rd6 Kf5 34. f3 h5 35. Kf2 g5 36. Rd4 g4 37. Rf4+ Kg6 38. Bd4 Nh7 39. fxg4 hxg4 40. Rxg4+ Ng5 41. Be3 f6 42. a4 Kf5 43. Rf4+ Kg6 44. Rh4 Ne4+ 45. Kf3 Ng5+ 46. Bxg5 fxg5 47. Re4 Rd8 48. b4 Rd3+ 49. Kg4 Kf6 50. a5 Rd2 51. Kf3 Rd3+ 52. Re3 Rd4 53. Re4 Rd3+ 54. Re3 Rd4 1/2-1/2

[Event "Palanga Baltija op-A"]
[Site "Palanga"]
[Date "2014.06.21"]
[Round "9"]
[White "Migunovs, Andrejs"]
[Black "Gailiunaite, Saule"]
[Result "1/2-1/2"]
[WhiteElo "1810"]
[BlackElo "1669"]
[PlyCount "58"]
[EventDate "2014.06.16"]
[EventType "swiss"]
[EventRounds "9"]
[EventCountry "LTU"]
[SourceTitle "CBM 161 Extra"]
[Source "ChessBase"]
[SourceDate "2014.08.29"]
[SourceVersion "1"]
[SourceVersionDate "2014.08.29"]
[SourceQuality "1"]

1. c4 e6 2. e4 d5 3. exd5 exd5 4. cxd5 Qxd5 5. Nc3 Qa5 6. Nf3 Nf6 7. Bc4 Be7 8. 0-0 0-0 9. d4 c6 10. Qb3 Qh5 11. Bf4 b5 12. Bd3 Be6 13. Qc2 Nbd7 14. Rfe1 a6 15. Ng5 c5 16. Nxe6 fxe6 17. Rxe6 cxd4 18. Rxe7 dxc3 19. Qxc3 Qg4 20. Bg3 Rac8 21. Qb3+ Kh8 22. h3 Qd4 23. Bf5 Rcd8 24. Rd1 Qc5 25. Qe6 Nh5 26. Rdxd7 Rxd7 27. Qxd7 Nxg3 28. Re8 Qc1+ 29. Kh2 Nf1+ 1/2-1/2